Nikkei baseball : Japanese American players from immigration and internment to the major leagues /

Bibliographic Details
Main Author: Regalado, Samuel O. (Samuel Octavio), 1953-
Format: eBook
Language:English
Published: Urbana : University of Illinois Press, [2013]
Subjects:
Online Access:Connect to the full text of this electronic book

MARC

Tag First Indicator Second Indicator Subfields
LEADER 00000cam a22000004a 4500
001 in00003409913
006 m o d
007 cr |||||||nn|n
008 120413s2013 ilu o d eng d
005 20260608210049.8
010 |z  2012013875 
020 |a 9780252094538 
020 |z 9780252037351 (hardcover : alk. paper) 
020 |z 9780252078835 (pbk. : alk. paper) 
035 |a (MdBmJHUP)muse9780252094538 
040 |a MdBmJHUP  |c MdBmJHUP  |d UtOrBLW 
043 |a n-us--- 
050 0 0 |a GV865.A1  |b R378 2013 
082 0 0 |a 796.3570922  |a B  |2 23 
100 1 |a Regalado, Samuel O.  |q (Samuel Octavio),  |d 1953- 
245 1 0 |a Nikkei baseball :  |b Japanese American players from immigration and internment to the major leagues /  |c Samuel O. Regalado. 
264 1 |a Urbana :  |b University of Illinois Press,  |c [2013] 
264 4 |c ©2013 
300 |a 1 online resource (216 pages) 
336 |a text  |b txt  |2 rdacontent 
337 |a computer  |b c  |2 rdamedia 
338 |a online resource  |b cr  |2 rdacarrier 
504 |a Includes bibliographical references and index. 
588 |a Description based on print version record. 
500 |a Electronic resource. 
650 0 |a Baseball  |z United States  |x History. 
650 0 |a Discrimination in sports  |z United States  |x History. 
650 0 |a Japanese American baseball players  |v Biography. 
655 7 |a Electronic books.  |2 local 
856 4 0 |u http://proxy.library.tamu.edu/login?url=https://muse.jhu.edu/books/9780252094538/  |z Connect to the full text of this electronic book  |t 0 
999 |a MARS 
999 f f |s 2b1dd8bb-71c6-3907-bdc6-edfc97242af9  |i 50e4bcec-f781-3329-ad0c-6a3d77db72a2  |t 0 
952 f f |a Texas A&M University  |b College Station  |c Electronic Resources  |s www_evans  |d Available Online  |t 0  |e GV865.A1 R378 2013  |h Library of Congress classification 
998 f f |a GV865.A1 R378 2013  |t 0  |l Available Online